|
|
|
|
| LEADER |
00749nam a22002052a 4500 |
| 001 |
000249852 |
| 003 |
CZ BrMZK |
| 005 |
19970103143423.0 |
| 008 |
970103s1986 ru f rus d |
| 040 |
|
|
|a BOA001
|b cze
|
| 080 |
|
|
|a 51(021)
|2 MRF
|
| 100 |
1 |
|
|a Bronštejn, Il‘ja Nikolajevič,
|d 1903-1976
|7 mzk2003217321
|
| 245 |
1 |
0 |
|a Spravočnik po matematike dlja inženerov i učaščichsja vtuzov /
|c I.N. Bronštejn, K.A. Semendjajev
|
| 250 |
|
|
|a 13. ispravlennoje izd.
|
| 260 |
|
|
|a Moskva :
|b Nauka,
|c 1986
|
| 300 |
|
|
|a 544 s.
|
| 700 |
1 |
|
|a Semendjajev, Konstantin Adol‘fovič,
|d 1908-1988
|7 jx20050819016
|
| 910 |
|
|
|a BOA001
|b TK-0230.115
|
| 990 |
|
|
|a BK
|
| 996 |
7 |
|
|b 2629999669
|c TK-0230.115
|l MZK
|r Sklad / do 24 hodin
|n 2
|w 000249852
|u 000010
|a 1
|e BOA001
|j MZK50
|s A
|